[Event "DSJ Weihnachtsturnier U16: Steinitz 2020"]
[Site ""]
[Date "2020.12.28"]
[Round "4"]
[White "Fellberg, Justus"]
[Black "Huber, Benedikt"]
[Result "1/2-1/2"]
[Termination "normal"]
[Board "13.1"]
[WhiteElo "1200"]
[BlackElo "1613"]
[WhiteTeam "SK Wilhelmsburg 1936"]
[BlackTeam "SK Kelheim 1920 2"]
[PlyCount "57"]
[WhiteFideId "34608990"]
[BlackFideId "16281225"]
[EventRounds "7"]
[EventType "team-swiss"]
[EventDate "2020.12.28"]

1. e4 {[%emt 0:00:04]} e6 {[%emt 0:00:01]} 2. d4 {[%emt 0:00:02]} d5 {[%emt
0:00:02]} 3. exd5 {[%emt 0:00:01]} exd5 {[%emt 0:00:02]} 4. h3 {[%emt 0:00:05]}
Nf6 {[%emt 0:00:02]} 5. Nf3 {[%emt 0:00:02]} c5 {[%emt 0:00:04]} 6. c3 { [%emt
0:00:02]} Nc6 {[%emt 0:00:02]} 7. Bb5 {[%emt 0:00:01]} Be7 {[%emt 0:00:02]} 8.
O-O {[%emt 0:00:01]} Be6 {[%emt 0:00:02]} 9. Ne5 {[%emt 0:00:02]} Qc7 { [%emt
0:00:02]} 10. Bf4 {[%emt 0:00:03]} Qc8 {[%emt 0:00:05]} 11. Qa4 {[%emt
0:00:12]} Bd7 {[%emt 0:00:06]} 12. Nxd7 {[%emt 0:00:22]} Qxd7 {[%emt 0:00:00]}
13. Re1 {[%emt 0:00:05]} O-O {[%emt 0:00:04]} 14. dxc5 {[%emt 0:00:04]} Bxc5 {
[%emt 0:00:04]} 15. Nd2 {[%emt 0:00:02]} a6 {[%emt 0:00:03]} 16. Bf1 {[%emt
0:00:06]} Rfe8 {[%emt 0:00:13]} 17. Qc2 {[%emt 0:00:13]} Rxe1 {[%emt 0:00:24]}
18. Rxe1 {[%emt 0:00:00]} Re8 {[%emt 0:00:01]} 19. Rxe8+ {[%emt 0:00:04]} Qxe8
{[%emt 0:00:02]} 20. Bg3 {[%emt 0:00:01]} h6 {[%emt 0:00:26]} 21. Nb3 {[%emt
0:00:07]} Ba7 {[%emt 0:00:05]} 22. Qd2 {[%emt 0:00:20]} Ne4 {[%emt 0:00:20]}
23. Qd3 {[%emt 0:00:10]} Ne5 {[%emt 0:00:33]} 24. Bxe5 {[%emt 0:00:03]} Qxe5 {
[%emt 0:00:00]} 25. Nd4 {[%emt 0:01:00]} Kf8 {[%emt 0:00:32]} 26. f3 {[%emt
0:00:05]} Nf6 {[%emt 0:00:44]} 27. Kh1 {[%emt 0:00:23]} Nh5 {[%emt 0:00:16]}
28. Ne2 {[%emt 0:00:36]} Nf6 {[%emt 0:00:35] Wilhelmsb001 offers a draw} 29.
Ng1 { [%emt 0:01:15]} 1/2-1/2

[Event "DSJ Weihnachtsturnier U16: Steinitz 2020"]
[Site ""]
[Date "2020.12.28"]
[Round "4"]
[White "Duong, Quang Bach"]
[Black "Rehpenn, Tom"]
[Result "0-1"]
[Termination "normal"]
[Board "14.1"]
[WhiteElo "1440"]
[BlackElo "1419"]
[WhiteTeam "SK Nürnberg 1911"]
[BlackTeam "TuS Varrel"]
[PlyCount "72"]
[WhiteFideId "16287045"]
[BlackFideId "16254708"]
[EventRounds "7"]
[EventType "team-swiss"]
[EventDate "2020.12.28"]

1. d4 {[%emt 0:00:03]} d5 {[%emt 0:00:03]} 2. c4 {[%emt 0:00:01]} c6 {[%emt
0:00:04]} 3. Nc3 {[%emt 0:00:01]} Nf6 {[%emt 0:00:03]} 4. e3 {[%emt 0:00:01]}
Bf5 {[%emt 0:00:03]} 5. cxd5 {[%emt 0:00:01]} cxd5 {[%emt 0:00:06]} 6. Qb3 {
[%emt 0:00:01]} e6 {[%emt 0:00:08]} 7. Qxb7 {[%emt 0:00:06]} Nbd7 {[%emt
0:00:22]} 8. Qb3 {[%emt 0:00:01]} Rb8 {[%emt 0:00:10]} 9. Qd1 {[%emt 0:00:04]}
Bb4 { [%emt 0:00:03]} 10. Bd3 {[%emt 0:00:07]} Bg6 {[%emt 0:00:09]} 11. Nge2 {
[%emt 0:00:02]} Qc7 {[%emt 0:00:13]} 12. O-O {[%emt 0:00:02]} Nb6 {[%emt
0:00:47]} 13. h3 {[%emt 0:01:00]} Nc8 {[%emt 0:00:13]} 14. a3 {[%emt 0:00:11]}
Bd6 { [%emt 0:00:03]} 15. Nb5 {[%emt 0:00:19]} Qb6 {[%emt 0:00:28]} 16. Nxd6+ {
[%emt 0:00:04]} Qxd6 {[%emt 0:00:10]} 17. Nf4 {[%emt 0:00:18]} Ne7 {[%emt
0:00:27]} 18. Qa4+ {[%emt 0:00:17]} Qd7 {[%emt 0:00:20]} 19. Qxd7+ {[%emt
0:00:06]} Nxd7 {[%emt 0:00:04]} 20. Nxg6 {[%emt 0:00:04]} hxg6 {[%emt 0:00:03]}
21. b4 { [%emt 0:00:02]} Nf6 {[%emt 0:00:10]} 22. Bb2 {[%emt 0:00:12]} Kd7
{[%emt 0:00:09]} 23. Rac1 {[%emt 0:00:06]} Rh7 {[%emt 0:00:10]} 24. Rc2 {[%emt
0:00:06]} Rbh8 {[%emt 0:00:14]} 25. f3 {[%emt 0:00:02]} Nh5 {[%emt 0:00:20]}
26. Kf2 { [%emt 0:00:10]} Nf5 {[%emt 0:00:31]} 27. Rfc1 {[%emt 0:00:04]} Ke7
{[%emt 0:00:14]} 28. Rc7+ {[%emt 0:00:05]} Kf6 {[%emt 0:00:02]} 29. e4 {[%emt
0:00:14]} dxe4 {[%emt 0:00:29]} 30. fxe4 {[%emt 0:00:00]} Nfg3 {[%emt 0:00:27]}
31. d5+ { [%emt 0:00:10]} Kg5 {[%emt 0:00:03]} 32. Rxf7 {[%emt 0:00:15]} exd5
{[%emt 0:00:40]} 33. Rc5 {[%emt 0:00:25]} Nf4 {[%emt 0:00:20]} 34. Bb1 {[%emt
0:00:11]} Nh1+ {[%emt 0:00:23]} 35. Kf3 {[%emt 0:02:06]} Rxh3+ {[%emt 0:00:30]}
36. gxh3 {[%emt 0:00:02]} Rxh3# {[%emt 0:00:02]} 0-1